000 00720am a2200265a 44500
003 AR-BaBNM
005 20251128211128.0
008 262120s1999 #AR|||||||||||000 | esp||
020 _a950-23-0964-2
040 _cAR-BaBNM
245 1 0 _aBuenos Aires 1910
_bel imaginario para una gran capital
260 _aBuenos Aires
_bEudeba
_c1999
300 _a404 p.
_bláms.
490 0 _aCEA
650 4 _aHISTORIA ARGENTINA
650 4 _aTRANSPORTE FERROVIARIO
650 4 _aHISTORIA DEL TRANSPORTE
650 4 _aHISTORIA DE BUENOS AIRES
650 4 _aGENERACION DE 1880
700 1 _aGutman, Margarita
_eeditor
700 1 _aReese, Thomas
_eeditor
800 1 _aSlapak, Sara
942 _cBK
998 _cmariana
999 _c18359
_d18359